[Event "Cheliabinsk Panchenko Memorial op-A"]
[Site "Cheliabinsk"]
[Date "2023.09.11"]
[Round "1"]
[White "Lipovoy, Danila"]
[Black "Bezgodov, Alexei"]
[Result "1/2-1/2"]
[WhiteElo "1898"]
[BlackElo "2420"]
[PlyCount "89"]
[EventDate "2023.09.11"]
[EventType "swiss"]
[EventRounds "10"]
[EventCountry "RUS"]
[SourceTitle "EXT 2024"]
[Source "ChessBase"]
[SourceDate "2023.10.10"]
[SourceVersion "1"]
[SourceVersionDate "2023.10.10"]
[SourceQuality "1"]

1. e4 e5 2. Nf3 Nf6 3. Nxe5 d6 4. Nd3 Nxe4 5. Qe2 Qe7 6. Nf4 Nf6 7. d4 Qxe2+ 8. Bxe2 Bf5 9. c3 Nc6 10. f3 h5 11. h4 d5 12. Kf2 Bd6 13. Bd3 Ne7 14. Bxf5 Nxf5 15. Ne2 Kd7 16. Bf4 Rae8 17. Bxd6 Kxd6 18. Nd2 Re7 19. Nf1 Rhe8 20. Nfg3 Nxg3 21. Nxg3 g6 22. Rhe1 Nd7 23. Rxe7 Rxe7 24. Re1 Nb6 25. Rxe7 Kxe7 26. b3 Nc8 27. Ne2 Nd6 28. g4 c6 29. Ke3 f6 30. Ng3 Kf7 31. a4 hxg4 32. fxg4 g5 33. hxg5 fxg5 34. Ne2 Ne4 35. c4 Nf6 36. Kf3 dxc4 37. bxc4 b6 38. Ng1 a6 39. Nh3 Kg6 40. Nf2 b5 41. cxb5 cxb5 42. axb5 axb5 43. Ke3 Kf7 44. Kd3 Ke6 45. Nh3 1/2-1/2

[Event "Dzhubga Blitz op"]
[Site "Dzhubga"]
[Date "2023.08.13"]
[Round "11"]
[White "Indzhiev, Aldar"]
[Black "Lipovoy, Danila"]
[Result "1-0"]
[WhiteElo "2104"]
[BlackElo "1898"]
[PlyCount "89"]
[EventDate "2023.08.13"]
[EventType "swiss (blitz)"]
[EventRounds "13"]
[EventCountry "RUS"]
[SourceTitle "CBM 215 Extra"]
[Source "ChessBase"]
[SourceDate "2023.09.30"]
[SourceVersion "1"]
[SourceVersionDate "2023.09.30"]
[SourceQuality "1"]

1. d4 Nf6 2. c4 e6 3. Nc3 Bb4 4. f3 d5 5. a3 Bxc3+ 6. bxc3 c5 7. cxd5 exd5 8. e3 cxd4 9. cxd4 Nc6 10. Bd3 0-0 11. Ne2 Re8 12. 0-0 Bd7 13. Ng3 Qa5 14. Ra2 a6 15. Re2 Qb6 16. Qe1 g6 17. Qf2 Re7 18. Bb2 Rae8 19. h3 Na5 20. e4 Bb5 21. Bxb5 Qxb5 22. e5 Nd7 23. f4 f5 24. Bc3 Nc6 25. Rc1 a5 26. Qf3 Nf8 27. Nf1 Ne6 28. Rd2 Rd7 29. Ne3 Red8 30. g4 Ne7 31. Kh2 Rf8 32. Ng2 Qa4 33. Bb2 Nc6 34. Qe3 Rdf7 35. Rf1 Ne7 36. Rf3 Qb5 37. Rdf2 Nc6 38. gxf5 Rxf5 39. Nh4 Rh5 40. f5 Nexd4 41. Bxd4 Rxh4 42. fxg6 Rxf3 43. Qxf3 hxg6 44. Qf8+ Kh7 45. Rf7# 1-0

[Event "Dzhubga Blitz op"]
[Site "Dzhubga"]
[Date "2023.08.13"]
[Round "8"]
[White "Ivlev, Aleksey"]
[Black "Lipovoy, Danila"]
[Result "0-1"]
[WhiteElo "2315"]
[BlackElo "1898"]
[PlyCount "74"]
[EventDate "2023.08.13"]
[EventType "swiss (blitz)"]
[EventRounds "13"]
[EventCountry "RUS"]
[SourceTitle "CBM 215 Extra"]
[Source "ChessBase"]
[SourceDate "2023.09.30"]
[SourceVersion "1"]
[SourceVersionDate "2023.09.30"]
[SourceQuality "1"]

1. d4 Nf6 2. c4 e6 3. g3 d5 4. Nf3 Bb4+ 5. Nbd2 dxc4 6. Bg2 0-0 7. 0-0 b5 8. a4 c6 9. Qc2 a5 10. b3 cxb3 11. Nxb3 bxa4 12. Rxa4 Ba6 13. Rd1 Bb5 14. Ra1 Nbd7 15. e4 h6 16. Ba3 Qe7 17. Bb2 Rfc8 18. h3 Nb6 19. Ne5 Na4 20. Bc1 Nc3 21. Re1 Na2 22. Bd2 Bxd2 23. Qxd2 Nb4 24. Rec1 Nd7 25. Nxd7 Qxd7 26. Nc5 Qe7 27. Ra3 Rd8 28. Qc3 Ra7 29. Rca1 Rda8 30. f4 Kh8 31. g4 Kg8 32. Kh2 Kh8 33. h4 Kg8 34. e5 Qc7 35. Bd5 cxd5 36. f5 exf5 37. gxf5 Bd7 0-1

[Event "RUS-chT2"]
[Site "Sochi"]
[Date "2023.05.08"]
[Round "7.2"]
[White "Lipovoy, Danila"]
[Black "Garifullina, Leya"]
[Result "0-1"]
[WhiteElo "2045"]
[BlackElo "2384"]
[PlyCount "96"]
[EventDate "2023.05.01"]
[EventType "team-swiss"]
[EventRounds "9"]
[EventCountry "RUS"]
[SourceTitle "CBM 214 Extra"]
[Source "ChessBase"]
[SourceDate "2023.07.31"]
[SourceVersion "1"]
[SourceVersionDate "2023.07.31"]
[SourceQuality "1"]
[WhiteTeam "Saratov Region Volga"]
[BlackTeam "Sverdlovsk Region Malakhit"]
[WhiteTeamCountry "RUS"]
[BlackTeamCountry "RUS"]

1. c4 e5 2. Nc3 Bb4 3. Nd5 a5 4. a3 Bc5 5. Nf3 d6 6. e3 c6 7. d4 Ba7 8. Nc3 Nd7 9. Qc2 Ngf6 10. Be2 Qe7 11. b4 Bb8 12. b5 0-0 13. Bb2 e4 14. Nd2 d5 15. c5 cxb5 16. Bxb5 Rd8 17. Nb3 Nf8 18. Na4 Bc7 19. Rc1 Ng6 20. Nb6 Bxb6 21. cxb6 Bd7 22. Bxd7 Nxd7 23. Qc7 Qf6 24. Nc5 Nxb6 25. Bc3 Nh4 26. 0-0 Rd6 27. f4 exf3 28. g3 Nc4 29. Nxb7 Rb6 30. Nc5 Ng6 31. Nd7 Qe7 32. Rxf3 Rab8 33. Bxa5 R6b7 34. Qxb8+ Rxb8 35. Nxb8 Qb7 36. Bb4 Qxb8 37. Rc3 Qe8 38. Rf5 Qe4 39. Rf2 h5 40. h3 f6 41. Rb3 Ne7 42. Rf4 Qe6 43. Rf3 Nf5 44. Kf2 Qe4 45. Rc3 Qb1 46. Kg2 h4 47. e4 Qxe4 48. a4 Nxd4 0-1

[Event "Cheliabinsk Lozovatsky Memorial-A"]
[Site "Cheliabinsk"]
[Date "2023.02.03"]
[Round "8"]
[White "Odegov, Artem"]
[Black "Lipovoy, Danila"]
[Result "1-0"]
[WhiteElo "2286"]
[BlackElo "2010"]
[PlyCount "93"]
[EventDate "2023.01.27"]
[EventType "swiss"]
[EventRounds "10"]
[EventCountry "RUS"]
[SourceTitle "CBM 212 Extra"]
[Source "ChessBase"]
[SourceDate "2023.03.31"]
[SourceVersion "1"]
[SourceVersionDate "2023.03.31"]
[SourceQuality "1"]

1. d4 Nf6 2. c4 e6 3. Nc3 Bb4 4. f3 d5 5. a3 Bxc3+ 6. bxc3 c5 7. cxd5 Nxd5 8. dxc5 Qa5 9. e4 Nf6 10. Be3 Nc6 11. Qb3 0-0 12. Bb5 e5 13. Ne2 Be6 14. Qa4 Qxa4 15. Bxa4 Na5 16. Kf2 a6 17. Rhb1 Rfc8 18. Ke1 Bd7 19. Rb4 Bxa4 20. Rxa4 Nc6 21. Rb1 Rc7 22. Nc1 Rd8 23. Ke2 Rcd7 24. Na2 Rc8 25. Nb4 Nd8 26. Nd3 Nc6 27. Rb6 Rdc7 28. Rb2 Nd7 29. Nb4 Ne7 30. c6 Nb8 31. Bb6 Rxc6 32. Nxc6 Nexc6 33. Rd2 f6 34. Rc4 Kf7 35. Ba7 b5 36. Rc5 Nxa7 37. Rxc8 Nxc8 38. Rd8 Nb6 39. Rxb8 Nc4 40. a4 bxa4 41. Rb4 Nd6 42. Rxa4 Nb5 43. Kd3 Nc7 44. Rc4 Ne6 45. Ke3 Ke7 46. Rc6 a5 47. Ra6 1-0

[Event "Chigorin Memorial 29th"]
[Site "St Petersburg"]
[Date "2022.10.24"]
[Round "3"]
[White "Lipovoy, Danila"]
[Black "Shubin, Kirill"]
[Result "1/2-1/2"]
[WhiteElo "2044"]
[BlackElo "2454"]
[PlyCount "71"]
[EventDate "2022.10.22"]
[EventType "swiss"]
[EventRounds "9"]
[EventCountry "RUS"]
[SourceTitle "EXT 2024"]
[Source "ChessBase"]
[SourceDate "2023.10.10"]
[SourceVersion "1"]
[SourceVersionDate "2023.10.10"]
[SourceQuality "1"]

1. c4 e5 2. Nc3 Nc6 3. g3 g6 4. Bg2 Bg7 5. d3 d6 6. Rb1 a5 7. e3 Be6 8. Nge2 Qd7 9. Nd5 Nge7 10. a3 0-0 11. 0-0 Nd8 12. Nec3 Nxd5 13. Nxd5 Rb8 14. Bd2 b6 15. b4 axb4 16. Rxb4 Bf5 17. Qc2 Nb7 18. a4 Nc5 19. e4 Be6 20. a5 bxa5 21. Rxb8 Rxb8 22. Bxa5 c6 23. Ne3 Qa7 24. Bc3 Qb6 25. Ra1 Qb3 26. Bf1 Bh6 27. Ra2 Qxc2 28. Nxc2 Rb1 29. Ra1 Rxa1 30. Bxa1 Bd2 31. Kg2 Kg7 32. Kg1 Kg8 33. Kg2 Kg7 34. Kg1 Kg8 35. Kg2 Kg7 36. Kg1 1/2-1/2

[Event "Cheliabinsk Panchenko Memorial op-A"]
[Site "Cheliabinsk"]
[Date "2022.09.15"]
[Round "4"]
[White "Amirdzhanyan, Vladimir"]
[Black "Lipovoy, Danila"]
[Result "0-1"]
[WhiteElo "2113"]
[BlackElo "2024"]
[PlyCount "100"]
[EventDate "2022.09.12"]
[EventType "swiss"]
[EventRounds "10"]
[EventCountry "RUS"]
[SourceTitle "CBM 210 Extra"]
[Source "ChessBase"]
[SourceDate "2022.11.30"]
[SourceVersion "1"]
[SourceVersionDate "2022.11.30"]
[SourceQuality "1"]

1. e4 c5 2. Nf3 e6 3. g3 Nc6 4. Bg2 Nf6 5. Nc3 Rb8 6. d4 cxd4 7. Nxd4 d6 8. Be3 a6 9. 0-0 Be7 10. f4 0-0 11. h3 Qc7 12. g4 Nxd4 13. Bxd4 b5 14. g5 Nd7 15. h4 b4 16. Ne2 e5 17. Be3 exf4 18. Nxf4 Ne5 19. Nd5 Qb7 20. Bd4 Be6 21. Qe1 Bd8 22. Bxe5 dxe5 23. Qg3 Bxd5 24. exd5 Bb6+ 25. Kh1 Qc7 26. Be4 Bd4 27. Rab1 a5 28. h5 g6 29. Rf6 Rb6 30. Rbf1 Qc4 31. Qg2 Rxf6 32. Rxf6 Be3 33. d6 Bxg5 34. Rf1 Bd8 35. Rd1 Qe6 36. h6 Qf6 37. Rd3 Qh4+ 38. Rh3 Qe1+ 39. Kh2 Bb6 40. Bd5 Be3 41. Bxf7+ Kh8 42. Rf3 Qh4+ 43. Rh3 Bf4+ 44. Kh1 Qe1+ 45. Qg1 Qxg1+ 46. Kxg1 Rxf7 47. c4 bxc3 48. Rxc3 Bxh6 49. Rc7 Kg7 50. d7 Bg5 0-1

[Event "Tuapse Amaks Resort op"]
[Site "Tuapse"]
[Date "2021.09.07"]
[Round "9"]
[White "Lipovoy, Danila"]
[Black "Osipov, Aleksandr"]
[Result "1-0"]
[WhiteElo "1918"]
[BlackElo "2060"]
[PlyCount "67"]
[EventDate "2021.08.30"]
[EventType "swiss"]
[EventRounds "9"]
[EventCountry "RUS"]
[SourceTitle "CBM 204 Extra"]
[Source "ChessBase"]
[SourceDate "2021.11.30"]
[SourceVersion "1"]
[SourceVersionDate "2021.11.30"]
[SourceQuality "1"]

1. e4 c5 2. Nf3 d6 3. d4 cxd4 4. Nxd4 Nf6 5. f3 e5 6. Bb5+ Bd7 7. Bxd7+ Qxd7 8. Nf5 d5 9. Bg5 dxe4 10. Bxf6 Qxd1+ 11. Kxd1 gxf6 12. fxe4 Rg8 13. g3 Nc6 14. c3 Rd8+ 15. Ke2 Ne7 16. Nxe7 Kxe7 17. Na3 f5 18. exf5 Kf6 19. Nc4 Kxf5 20. Rad1 Bc5 21. Na5 b6 22. Nc6 Rxd1 23. Rxd1 a5 24. b4 Rc8 25. Na7 Ra8 26. bxc5 Rxa7 27. cxb6 Rb7 28. Rd6 e4 29. c4 Ke5 30. c5 f5 31. Rc6 Kd5 32. Rc7 Rb8 33. b7 h5 34. c6 1-0